El fenómeno Sanders y el socialismo en Estados Unidos /

Збережено в:
Бібліографічні деталі
Автор: Leary, John Patrick
Формат: Книга
Мова:Spanish
Теги: Додати тег
Немає тегів, Будьте першим, хто поставить тег для цього запису!

MARC

LEADER 00000nam a22000007a 4500
003 cru CIDCACS/IIS
005 20170714155653.0
007 ta
008 170713s2016 ag ||||| |||| 00| 0 spa d
999 |c 19443  |d 19443 
040 |c cru CIDCACS/IIS 
100 1 |9 4984  |a Leary, John Patrick 
245 1 3 |a El fenómeno Sanders y el socialismo en Estados Unidos /  |c John Patrick Leary 
300 |a páginas 104-115 
773 0 |0 19022  |9 1032  |a Fundación Friedrich Ebert  |d Fundación Friedrich Ebert; Nueva Sociedad  |o 17841  |t Nueva Sociedad / 
942 |2 ddc  |c PP